000 01729nam1a2200301 i 4500
001 RU\NLR\BIBL_A\010653197
005 20260408120539.0
035 _a(NLR Aleph) 010653197
090 _a10713562
_c10713562
100 _a20150114g20149999k y0rusy50 ba
101 0 _aeng
102 _aRU
105 _a z
200 1 _aAnalytical materials for public and professional expertise
_fNat. research univ. - Higher school of economics, 040100.68, Sociology master program, Fac. of sociology (Moscow), Centre for development of sociological education, HSE
_g[Prof. Alexander Chepurenko, asst. Prof. Benjamin Lind (eds.)]
210 _aMoscow
_cNat. research univ. - Higher school of economics
_d2014
215 _d21
300 _aОбщ. загл. указано на обл.
541 0 _aАналитические материалы для общественной и профессиональной экспертизы
601 0 2 _a"Высшая школа экономики", национальный исследовательский университет
_bСоциологический факультет
_cМосква, город
_xПреподавание
_92219700
_3RU\NLR\AUTH\6601566171
606 _aСоциологическое образование
_92237556
_3RU\NLR\AUTH\661342781
686 1 _aЧ489.1
702 1 _6z40790
_aČepurenko
_bA. J.
_gAleksandr Jul'evič
_4340
712 0 2 _4570
_8eng
_aNational research university - Higher school of economics
_cMoscow
_bCentre for development of sociological education
_7ba
_3RU\NLR\AUTH\880388232
_9442592
790 1 _6z40702
_aChepurenko
_bA.
_gAlexander
852 _aNLR
_jИк 2015-3/6
942 _cBOOK